Leave My Body Lyrics (Florence + the Machine) - Statistics

General Stats
  • This quiz has been taken 74 times
  • The average score is 283 of 341
Answer Stats
Lyrics % Correct
body
100%
I
100%
I'm
100%
leave
100%
my
100%
gonna
97%
down)
94%
down
94%
lose
94%
me
94%
your
94%
a
91%
don't
91%
mind
91%
up
91%
and
88%
(and
88%
need
88%
(need
88%
to
88%
the
85%
all
82%
is
82%
no
82%
want
82%
(want
82%
be
79%
it
79%
future
76%
future)
76%
higher
76%
one
76%
(one
76%
past
76%
past)
76%
moment
73%
moment)
73%
never
73%
pulling
73%
ask
70%
away
70%
from
70%
ground)
70%
ground
70%
(history
70%
history
70%
husband
70%
keeps
70%
wife
70%
fly
67%
it's
67%
let
67%
(moving
67%
stay
67%
them
67%
they
67%
birds
64%
or
64%
seem
64%
losing
61%
released
61%
said
61%
care
58%
die
58%
heart
58%
whether
58%
day
55%
live
55%
night
55%
bones
52%
clouds
52%
cold
48%
leaves
48%
behind
36%
these
36%
blood
33%
lines
33%
grand
21%
No matching quizzes found
Score Distribution
Percent of People with Each Score
Percentile by Number Answered
Your Score History
You have not taken this quiz